00433pab a2200145 454500008004000000100002000040245008100060260000900141300001500150362000800165650004700173650002200220700001900242773002600261180718b2013 xxu||||| |||| 00| 0 eng d aReddy, B. Shiva aFinancing elementary education in Andhra Pradesh under Sarva Shiksha Abhiyan c2013 ap.169-183. aApr aPrimary education - India - Andhra Pradesh aPrimary education aReddy, K. Anji aAsian Economic Review